ბათუმის შოთა რუსთაველის სახელმწიფო უნივერსიტეტის ბიბლიოთეკა

ქრონიკები. (ბიბ.ჩანაწერი № 48887)

000 -LEADER
fixed length control field 00630nam a2200205Ia 4500
001 - CONTROL NUMBER
control field 15790
003 - CONTROL NUMBER IDENTIFIER
control field GE_BSU
008 - FIXED-LENGTH DATA ELEMENTS--GENERAL INFORMATION
fixed length control field 181216s||||||||xx |||||||||||||| ||und||
040 ## - CATALOGING SOURCE
Transcribing agency GE_BSU
080 ## - UNIVERSAL DECIMAL CLASSIFICATION NUMBER
Universal Decimal Classification number 821.353.1-32
100 ## - MAIN ENTRY--PERSONAL NAME
Personal name ჭილაია, სერგი (1912-1992)
245 ## - TITLE STATEMENT
Title ქრონიკები.
245 ## - TITLE STATEMENT
Statement of responsibility, etc. რედ.ქ.კვინტრაძე. მხატვ.ვ.გაბელია
260 ## - PUBLICATION, DISTRIBUTION, ETC.
Place of publication, distribution, etc. თბილისი
260 ## - PUBLICATION, DISTRIBUTION, ETC.
Name of publisher, distributor, etc. საბჭ. საქართველო
260 ## - PUBLICATION, DISTRIBUTION, ETC.
Date of publication, distribution, etc. 1984
300 ## - PHYSICAL DESCRIPTION
Extent 483გვ. ; 22სმ.
653 ## - INDEX TERM--UNCONTROLLED
Uncontrolled term ქრონიკები.
942 ## - ADDED ENTRY ELEMENTS (KOHA)
Koha item type წიგნი
ეგზემპლარები
Withdrawn status Lost status Damaged status Not for loan Date acquired Barcode Date last seen Price effective from Koha item type
        2018-12-17 39249 2018-12-17 2018-12-17 წიგნი
        2018-12-17 39250 2018-12-17 2018-12-17 წიგნი